000 00572nam a2200181 i 4500
001 78305
003 ES-MaACL
005 20250731061528.0
007 t|
008 041013s1967 sp ||||1| spa d
100 1 _aHardman, Frederick.
_961819
245 1 3 _aLa Guerra Carlista vista por un inglés /
_cFrederick Hardman ; [traducción, selección de Jesús Pardo].
260 _aMadrid :
_bTaurus,
_c[1967]
300 _a178 p. ;
_c18 cm.
700 1 _aPardo, Jesús,
_d1927-2020
_9138804
852 _aES-MaACL
_jC-34460
_bR.64610
999 _c78305
_d78305